000 00591nam a2200217Ia 4500
003 OSt
005 20220923230813.0
006 a|||||r|||| 00| 0
007 ta
008 Pun
024 _a305,669
037 _cTextual
040 _aARTS
_cARTS
_bPun
041 _2Pun
_aPun
082 _aQ8441:2v, 153L0
100 _aਪਦਮ, ਪਿਆਰਾ ਸਿੰਘ
245 0 _aਆਦਿ ਗੁਰੂ ਗ੍ਰੰਥ ਦੀ ਵਡਿਆਣੀ
260 _c1970
942 _hQ8441:2v, 153L0
_cTEXL
_2CC
999 _c387459
_d387459